000
00282nam a22001337a 4500
008
180928b xxu||||| |||| 00| 0 eng d
020
_a
9780618370405
041
_a
eng
080
_a
941
100
_a
17
101
_a
HIS
245
_a
The Human Record
_c
Andrea
942
_2
udc
_c
BK
999
_c
48664
_d
48664